=LDR 00000nam 2200000 4500 =001 INLIS000000000029352 =005 20130612131607 =008 ***********************************Ind** =035 ##$$0010-061300000029352 =041 ##$$a Ind =082 ##$$a 499.218 =090 ##$$a 499.218, Ari p =100 ##$$a Aritonang, Buha =245 ##$$a Paralelisme bentuk dan makna, Bahasa Indonesia dalam ragam bahasa tulis ilmu pengetahuan dan teknologi, Buha Aritonang =260 ##$$a 1998 $b Jakarta =300 ##$$a ix, 93 hlm, 22 cm =650 ##$$a Bahasa =850 ##$$a NBPNMAT